000 00640nam a22001937a 4500
005 2010081206216.0
010 _aENG-99936
020 _a9788190919241
_c175.00
035 _aEN-83468
037 _bDBAD/PUB
082 _a530
100 _aR Jaikumar
_911940
245 _aConcepts of physics /
_cby R Jaikumar
260 _aTamil Nadu
_bAgasthiar Noolagam
_c2009
270 _a119 North Pillayar Kovil Street Varaganeri Trichy
_bTamil Nadu
_e620008
300 _a143p
_c25cm(pbk)
942 _2ddc
_cEN
_h530
_mRJA
999 _c41415
_d41415